000 00855cam a22002534a 4500
001 11863697
005 20180308035033.0
008 991208s2000 flua b 001 0 eng
010 _a 99089494
020 _a0849395976 (alk. paper)
040 _aDLC
_cDLC
_dDLC
041 1 _aeng
042 _apcc
080 _a005.8 HAS
082 0 0 _a005.8 HAS
_221
100 1 _a30
101 _aSHK
240 1 0 _aMonnaie électronique.
_lEnglish
245 1 0 _aProtocols for secure electronic commerce /
_cMostafa Hashem Sherif.
504 _aIncludes bibliographical references (p. 443-456) and index.
906 _a7
_bcbc
_corignew
_d1
_eocip
_f19
_gy-gencatlg
942 _2ddc
_cBK
999 _c44394
_d44394